000
00322nam a22001217a 4500
008
180518b xxu||||| |||| 00| 0 eng d
041
_a
eng
080
_a
043.3
100
_a
0
101
_a
MBE-MTH
245
_a
Distribution channels management in Banking Sector Global Trend and Strategies
_c
Peja,M.Gj
942
_2
udc
_c
BK
999
_c
45956
_d
45956